One Piece: Jolly Rogers - Statistics

General Stats
  • This quiz has been taken 367 times
  • The average score is 10 of 12
Answer Stats
Picture Answer % Correct
Straw Hat Pirates
97%
Whitebeard Pirates
96%
Buggy Pirates
92%
Arlong Pirates
91%
Red Hair Pirates
91%
The Kid Pirates
86%
Big Mom Pirates
83%
The Sun Pirates
83%
The Heart Pirates
79%
Blackbeard Pirates
77%
The Beast Pirates
71%
The Kuja Pirates
59%
No matching quizzes found
Score Distribution
Percent of People with Each Score
Percentile by Number Answered
Your Score History
You have not taken this quiz